All United States Currency Denominations - Statistics

General Stats
  • This quiz has been taken 78 times
  • The average score is 16 of 22
Answer Stats
Hint Answer % Correct
9 1 Dollar
100%
1 1 Cent
92%
7 Quarter
92%
5 Dime
90%
4 Nickel/Half Dime
89%
13 Eagle
85%
8 Half Dollar
85%
14 Double Eagle
82%
12 Half Eagle
82%
21 100 Dollars
75%
20 50 Dollars
75%
16 2 Dollars
74%
15 1 Dollar
70%
18 10 Dollars
67%
19 20 Dollars
67%
17 5 Dollars
67%
2 2 Cents
62%
3 3 Cents
56%
15 Half Cent
54%
6 20 Cent Quarter
49%
11 3 Dollar
44%
10 Quarter Eagle
33%
No matching quizzes found
Score Distribution
Percent of People with Each Score
Percentile by Number Answered
Your Score History
You have not taken this quiz